¿Por qué discrepan los economistas? /
El documento presenta un análisis de las tradiciones del pensamiento económico que se da en las escuelas de economía. Así como la relación de la economía y la política y de sus protagonistas.
Shranjeno v:
| Glavni avtor: | |
|---|---|
| Drugi avtorji: | , |
| Format: | Knjiga |
| Jezik: | Spanish |
| Izdano: |
Madrid, España
IEPALA , Con la colaboración de: Departamento de Economía Aplicada Universidad del Pais Vasco
1990
|
| Serija: | Textos
|
| Teme: | |
| Oznake: |
Označite
Brez oznak, prvi označite!
|
MARC
| LEADER | 00000nam a22000007a 4500 | ||
|---|---|---|---|
| 003 | cru CIDCACS/IIS | ||
| 005 | 20230605090854.0 | ||
| 008 | 180518b1990 ES |||||||||||||| ||spa|| | ||
| 040 | |c cru CIDCACS/IIS | ||
| 090 | |a 03.03.01 C689p | ||
| 100 | 1 | |9 7223 |a Cole, Ken | |
| 245 | 1 | 1 | |a ¿Por qué discrepan los economistas? / |c Ken Cole, John Cameron, Chris Edwards |
| 260 | |a Madrid, España |b IEPALA , |b Con la colaboración de: Departamento de Economía Aplicada Universidad del Pais Vasco |c 1990 | ||
| 300 | |a 461 páginas | ||
| 440 | |9 7222 |a Textos |n 15 | ||
| 500 | |a Colección Alforja | ||
| 520 | 3 | |a El documento presenta un análisis de las tradiciones del pensamiento económico que se da en las escuelas de economía. Así como la relación de la economía y la política y de sus protagonistas. | |
| 650 | 1 | 0 | |9 143 |a ECONOMIA |
| 650 | 1 | 0 | |9 4061 |a PENSAMIENTO ECONOMICO |
| 650 | 1 | 0 | |a TEORIA ECONOMICA |9 1649 |
| 700 | 1 | 0 | |9 7224 |a Cameron, John |e Coautor |
| 700 | 1 | 0 | |9 7225 |a Edwards, Chris |e Coautor |
| 942 | |2 ddc |c LI |h 03.03.01 C689p |i 19018 |6 030301_C689P_19018 | ||
| 999 | |c 41437 |d 41437 | ||
